000 00945nam a2200193 a 4500
001 000836779
003 AM-YeHGA
005 20250617144811.0
008 111010s1983 ||| r 000 0 rus d
040 _aAM-YeHGA
041 0 _arus
245 0 0 _aДолгосрочное прогнозирование развития систем энергетики, их маневренность и надежность :
_bМатериалы III Советско-японского симпозиума по проблемам энергетики, г. Юрмала, 22-24 сентября 1982 г. /
_cРедкол.: В.А. Зеберг и др.
260 _aРига :
_bЗинатне,
_c1983.
300 _a173 с. :
_bил.
550 _aАН ЛатвССР, Физ.-энерг. ин-т
653 0 _aЭнергетика - Сборники
700 1 _aЗеберг, Виктор Александрович
_eред.
_4edt
090 _c302458
999 _c300761
_d300761